| 000 | 01155cam a2200361 a 4500 | ||
|---|---|---|---|
| 001 | 16355277 | ||
| 003 | OSt | ||
| 005 | 20210411110005.0 | ||
| 008 | 100729s2011 mau 001 0 eng | ||
| 010 | _a 2010031617 | ||
| 020 | _a9781422157978 (pbk. : alk. paper) | ||
| 040 |
_aDLC _cDLC _dDLC |
||
| 042 | _apcc | ||
| 050 | 0 | 0 |
_aHD57.7 _b.H3914 2011 |
| 080 |
_a65 _bL-44 |
||
| 082 | 0 | 0 |
_a658.4/092 _222 |
| 245 | 0 | 0 | _aHBR's 10 must reads on leadership |
| 246 | 3 | _aHBR's ten must reads on leadership | |
| 246 | 3 | _aHarvard business review's 10 must reads on leadership | |
| 260 |
_aBoston, Mass. : _bHarvard Business Review Press, _cc2011. |
||
| 300 |
_av, 217 p. ; _c21 cm. |
||
| 365 | _b10.77 usd | ||
| 490 | 0 | _aHBR's 10 must reads | |
| 500 | _aIncludes index. | ||
| 650 | 0 | _aLeadership. | |
| 653 | _aბიზნესი | ||
| 653 | _aლიდერობა | ||
| 700 |
_93 _aDrucker, F. Peter |
||
| 730 | 0 | _aHarvard business review. | |
| 906 |
_a7 _bcbc _corignew _d1 _eecip _f20 _gy-gencatlg |
||
| 942 |
_2udc _cBK |
||
| 999 |
_c56 _d56 |
||